Quizzes
Events
Quiz Creation
Community
Videos
Private Events
Remove Ads
Sign In
Join for FREE
Feedback
Dark Mode
Quiz Categories
Sports
Geography
Music
Movies
Television
Just For Fun
Miscellaneous
History
Literature
Language
Science
Gaming
Entertainment
Religion
Holiday
For Kids
Quiz Lab
Recent
Popular Today
Quiz Kudos Today
Editor Picks
Curator Picks
Quizzes by...
Day
Popularity
Type
Ratings
Length
Year
Community
Subscriptions
Recent Discussions
Orange Saloon
Badges
Playlists
Quests
Create
Leaderboards
Showdown
Live 5
Trivia Bingo
Activity
Puzzle Library
Sporcle Events
Private Events
Virtual Trivia
Globe League
Become a Host
Pub Owners
SporcleCon
Opinionation
Our Games
Videos
Blog
Mobile Apps
Partnerships
Remove Ads and Go Orange
Feedback
History
US Presidents
World Leaders
Politics
Nation
Discovery
War
Decade
Year
Century
Biography
Art
History
US Presidents
World Leaders
Politics
Nation
Discovery
War
Decade
Year
Century
Biography
Art
Random Quiz
Search Sporcle
×
Quiz Lab
Quiz Lab
History
test
Type in answers that appear in a list
Type in answers that appear in a list
Classic
Best Score? Go Orange.
Constitution Unit Test Review 1 Stats
Can you name the Constitution Unit Test Review 1?
By
MrBoyer
10m
20 Questions
96 Plays
96 Plays
96 Plays
Comments
Comments
Give Quiz Kudos
Give Quiz Kudos
-
- Ratings
hide this ad
Replay
Link that replays current quiz
Next Quiz
Link to next quiz in quiz playlist
You Got
0%
They Got
Avg Score
60%
Avg Friend Score
Upgrade to see
Score Distribution
Jump to the score distribution portion of the page
Score
0/20
Timer
10:00
0
Plays Today
Question
Answer
% Correct
Which branch has the power to declare war?
legislative branch
89.6%
Who can veto bills passed by Congress?
President
88.5%
How old must you be to become President?
35
87.5%
How old must you be to be a Representative?
25
86.5%
Which branch includes the Commander in Chief?
executive branch
86.5%
How old must you be to be a Senator?
30
84.4%
How many Senators are there?
100
82.3%
Which branch can review laws and declare them unconstitutional?
judicial branch
77.1%
How many Representatives are there?
435
71.9%
Who presides over the Senate?
Vice President
68.8%
Question
Answer
% Correct
Who presides over the House of Representatives?
Speaker of the House
58.3%
Who has the sole power of impeachment?
House of Representatives
53.1%
What is the only way the Constitution provides for change?
amendments
49%
What right does the 5th Amendment give you?
the right to remain silent
38.5%
What can Congress do when a bill is vetoed?
override it
36.5%
5th amendment allows the government to take private property. What is this called?
eminent domain
33.3%
a law passed after the fact is called . . .
ex post facto
33.3%
Who must be appointed by the President and approved by the Senate?
federal judges
28.1%
the Judicial branch does what with the Constitution?
interprets it
27.1%
Congress's necessary and proper powers can also be called what powers?
implied
25%
Quiz Playlist
Details
Report
Send in Message
Add To Playlist
Classic:
Type in answers that appear in a list
Last Updated: Feb 16, 2017
Quiz Scoreboard
CHALLENGE
Sign Up to Join the Scoreboard
Show All
Scores
Hide
Comments
May contain spoilers
Recently Published
9x9 Crossword: Cartoon Network
by jackfrog10
Miscellaneous
3m
College Basketball Coaching Resumes
by pancakes188
Sports
9m
Billboard Blitz: Fleetwood Mac
by CooCooCachoo
Music
15s
More to Explore
Quiz From the Vault
Featured Blog Post
Where Did the Easter Bunny Come From?
hide this ad
You Might Also Like...
Tags
constitution
Review
test
unit
Today's Top Quizzes in History
Browse History
hide this ad
Today's Top Quizzes in test
Browse test
Top Contributed Quizzes in History
1
Popular People in 1991
2
Popular People in 1981
3
Popular People in 1951
4
Popular People in 1941
5
Popular People in 1986
6
Popular People in 1976
7
Popular People in 1921
8
5-to-1: 20th Century Images of War
9
I Am Born On March 28th
10
Popular People in 1946
Explore More
Trending Topics
Crossword
NBA
Anime
Harry Potter
Disney
Kpop
Marvel
Country
The Office
WWE
Pokémon
Soccer
NFL
Puzzle
Song
hide this ad
More By:
MrBoyer
Quiz
Plays
Rating
Category
Featured
Created
Constitution Unit Test Review 1
96
2.00
History
Oct 31, 2011
Constitution Unit Test Review 2
49
History
Oct 31, 2011
Go to Creator's Profile
Score Distribution
Quiz Creator Spotlight
MrBoyer
Follow
Send a Message
Quizzes Created
-
Created Quiz Play Count
-
More By This Creator
Popular Quizzes Today
1
Find the US States - No Outlines Minefield
2
Find the Countries of Europe - No Outlines Minefield
3
The Countries of the World
4
Find the US States
5
Risky Map Clicking: Biggest States A-Z
6
US States
7
Popular People in 1961
8
Movies - When Are They Set?
More History Quizzes
On This Day: September 25th II
Published
Trending Quizzes
Risky Map Clicking: Least Populous States A-Z
1-10 Letter G Words
Risky Map Clicking: Next State Alphabetically
Adjectives in 80s TV Shows
Risky Map Clicking: Biggest States A-Z
Recently Updated
Leaping Animals
pecheneg
Reality TV Shows (A-Z)
bhenderson79
Rickey Henderson's Hall of Fame Teammates
pecheneg
Champions League XIs: Arsenal
pecheneg
Quick Pick: Celebrities in WWE's Hall of Fame
aduchscher
A-Z Keypad Blitz II
pecheneg
Multiple Oscar Actors
pecheneg
Mystery Phrase Blitz: Oscar 'Best Actors'
pecheneg
F. Scott Fitzgerald Novels
LTH
Pick 3 Villains
ddd62291
Trending Topics
NBA
Marvel
Disney
Anime
Crossword
Harry Potter
Kpop
The Office
Soccer
NFL
Puzzle
Pokémon
Song
WWE
Country
Your Account Isn't Verified!
In order to create a playlist on Sporcle, you need to verify the email address you used during registration. Go to your
Sporcle Settings
to finish the process.
Report this User
Report this user for behavior that violates our
Community Guidelines
.
Details:
Send Report
Go to the Sporcle.com Mobile Site →
Comments